LEADER 03287nam 22006735 450 001 9910459884203321 005 20210114095147.0 010 $a1-283-33184-5 010 $a9786613331847 010 $a0-520-94762-2 024 7 $a10.1525/9780520947627 035 $a(CKB)2670000000068914 035 $a(EBL)615598 035 $a(OCoLC)701703911 035 $a(SSID)ssj0000466926 035 $a(PQKBManifestationID)11314221 035 $a(PQKBTitleCode)TC0000466926 035 $a(PQKBWorkID)10466160 035 $a(PQKB)11097578 035 $a(DE-B1597)520297 035 $a(OCoLC)704275023 035 $a(DE-B1597)9780520947627 035 $a(MiAaPQ)EBC615598 035 $a(EXLCZ)992670000000068914 100 $a20200424h20112011 fg 101 0 $aeng 135 $aur||#|||||||| 181 $ctxt 182 $cc 183 $acr 200 10$aAncestral Leaves $eA Family Journey through Chinese History /$fJoseph W. Esherick 210 1$aBerkeley, CA :$cUniversity of California Press,$d[2011] 210 4$d©2011 215 $a1 online resource (393 p.) 300 $aDescription based upon print version of record. 311 $a0-520-26699-4 327 $tFront matter --$tContents --$tIllustrations --$tPreface --$t1. Fleeing the Long Hairs --$t2. Family roots --$t3. Father, Son, and Family --$t4. Rebellion --$t5. Official Life in the Late Qing --$t6. A time of transitions --$t7. Doing Business in Tianjin --$t8. Growing Up in Tianjin --$t9. Student Life in the 1930's --$t10. War --$tPart III. The People's Republic --$t11. Family Life in new China --$t12. Hundred Flowers and Poisonous Weeds --$t13. The Cultural revolution --$tEpilogue: After the Deluge --$tNotes --$tGlossary of Chinese Terms --$tSelected Ye Family Bibliography --$tIndex 330 $aAncestral Leaves follows one family through six hundred years of Chinese history and brings to life the epic narrative of the nation, from the fourteenth century through the Cultural Revolution. The lives of the Ye family-"Ye" means "leaf" in Chinese-reveal the human side of the large-scale events that shaped modern China: the vast and destructive rebellions of the nineteenth century, the economic growth and social transformation of the republican era, the Japanese invasion during World War II, and the Cultural Revolution under the Chinese Communists. Joseph W. Esherick draws from rare manuscripts and archival and oral history sources to provide an uncommonly personal and intimate glimpse into Chinese family history, illuminating the changing patterns of everyday life during rebellion, war, and revolution. 606 $aChina 606 $aChina - History 606 $aChina --Biography 606 $aChina --Genealogy 606 $aYe family 608 $aElectronic books. 615 4$aChina. 615 4$aChina - History. 615 4$aChina --Biography. 615 4$aChina --Genealogy. 615 4$aYe family. 676 $a929.20951 676 $a929/.20951 676 $a951 700 $aEsherick$b Joseph W.$4aut$4http://id.loc.gov/vocabulary/relators/aut$0242448 801 0$bDE-B1597 801 1$bDE-B1597 906 $aBOOK 912 $a9910459884203321 996 $aAncestral Leaves$92476426 997 $aUNINA LEADER 03632 am 2200793 n 450 001 9910328153703321 005 20180810 010 $a2-7535-6179-6 024 7 $a10.4000/books.pur.78494 035 $a(CKB)4100000008496717 035 $a(FrMaCLE)OB-pur-78494 035 $a(oapen)https://directory.doabooks.org/handle/20.500.12854/40692 035 $a(PPN)267958455 035 $a(EXLCZ)994100000008496717 100 $a20190621j|||||||| ||| 0 101 0 $afre 135 $auu||||||m|||| 181 $ctxt$2rdacontent 182 $cc$2rdamedia 183 $acr$2rdacarrier 200 12$aL'altérité en spectacle $e1789-1918 /$fIsabelle Moindrot, Nathalie Coutelet 210 $aRennes $cPresses universitaires de Rennes$d2018 215 $a1 online resource (370 p.) 311 $a2-7535-3701-1 330 $aSitué au carrefour du réel et de l'imaginaire, l'Autre constitue l'une des créatures intermédiaires les plus attrayantes pour le spectacle. Qu'il provienne des terres lointaines, des marges, des zones obscures de l'imagination ou de l'intimité, il structure les mythes fondateurs des sociétés et traverse leurs systèmes de représentation. De la Révolution française à la Première Guerre mondiale, de nouveaux dispositifs de construction de l'altérité se mettent en place, qui tout à la fois isolent, réprouvent, célèbrent et dénient l'altérité. Voici l'Autre en spectacle ? dans les foires, les cirques, le vaudeville, le drame, le ballet, l'opéra, les Expositions universelles, le cabaret, le cinéma. Mais qui est-il ? Qui le regarde ? À quelles projections de soi face à l'Autre le spectateur est-il convié et à travers quels jeux d'illusions ? L'ouvrage interroge le sauvage et ses avatars, l'étranger, l'autre qui-nous-ressemble un peu, presque, tout à fait, et étudie les matériaux, transferts et médiations de ces figures d'altérité, dont beaucoup sont encore opératoires aujourd'hui. 606 $aTheater 606 $athéâtre 606 $ahistoire du théatre 606 $aaltérité 610 $ahistoire du théatre 610 $aaltérité 610 $athéâtre 615 4$aTheater 615 4$athéâtre 615 4$ahistoire du théatre 615 4$aaltérité 700 $aAuclair$b Mathias$01305886 701 $aBancel$b Nicolas$0661223 701 $aBara$b Olivier$01292053 701 $aChalaye$b Sylvie$0451108 701 $aCoutelet$b Nathalie$01300732 701 $aDornel$b Laurent$01290493 701 $aFilippi$b Florence$01316615 701 $aGirard$b Pauline$01322704 701 $aGoetz$b Olivier$01306550 701 $aGordon$b Rae Beth$01322705 701 $aHenson$b Karen$01322706 701 $aHeyraud$b Violaine$01304321 701 $aLacombe$b Hervé$01308020 701 $aLosco-Lena$b Mireille$01306720 701 $aMartinez$b Ariane$0317650 701 $aMeyer-Plantureux$b Chantal$01308984 701 $aMoindrot$b Isabelle$01305890 701 $aPerault$b Sylvie$01282553 701 $aPiana$b Romain$01304324 701 $aPoirson$b Martial$01160018 701 $aReynaud-Paligot$b Carole$01292726 701 $aScaviner$b Isabelle$01322707 701 $aSchuh$b Julien$01283065 701 $aSeknadje$b Enrique$01322708 701 $aSibeud$b Emmanuelle$0696541 701 $aYon$b Jean-Claude$0778658 701 $aMoindrot$b Isabelle$01305890 701 $aCoutelet$b Nathalie$01300732 801 0$bFR-FrMaCLE 906 $aBOOK 912 $a9910328153703321 996 $aL'altérité en spectacle$93035155 997 $aUNINA